1029 1567 1663 1323 1969 1741 1619 1551 1845 1916 1098 1526 1310 1992 1260 1286 1320 1132 1613 1956 1041 1062 1533 1437 1926 1952 1329 1432 1757 1754 1270 1306 1894 1574 1895 1086 1227 1596 1763 1137 1385 1713 1567 1354 1569 1341 1147 1431 1085 1546 1535 1916 1782 1522 1544 1233 1749 1644 1091 1638 1105 1499 1626 1293 1935 1692 1472 1232 1118 1799 1413 1592 1978 1476 1234 1728 1093 1593 1157 1431 1726 1562 1730 1452 1548 1511 1282 1122 1338 1328 1712 1912 1284 1525 1390 1533 1078 1313 1890 BCNSPRNW ULIB Ver.6.0+V

เปลี่ยนเป็นภาษาไทย

Change to English
 แสดงรายละเอียดบรรณานุกรม
  กลับหน้าหลัก

Brief Record : Get Marc (ISO 2709) : E-mail record : QR code < ปิดหน้าต่าง
LEADER : 00000nam 2200000uu 4500
001    13399113888
003     ULIB
008    110627s||||||||th 000 0 tha d
020    9786160600175
090    นว.^bว916ป 2552
100 0  เว่ยเสี่ยวโหยว
245 00 ปราชญ์หญิงยอดรัก/^cเว่ยเสี่ยวโหยว
250    พิมพ์ครั้งที่ 1
260    กรุงเทพฯ :^bแจ่มใส,^c2552
300    363 หน้า
710 1  แจ่มใส
945    ^p0^l0^i027133
995    ทศพร
999 ^a ใช้งานได้ทุกระบบ
รายการนี้ยังไม่มีแท็ก
คุณยังไม่ได้ล็อกอิน คุณสามารถมีกิจกรรมร่วมกับเว็บไซต์ได้ แต่ต้องล็อกอินก่อน ::
  ล็อกอิน

รายการสื่อสารสนเทศ

ลำดับที่ ประเภท เลขเรียก/บาร์โค้ด สถานที่ สถานะ
1. นวนิยาย
นวนิยาย
นว. ว916ป 2552 ฉ.1 
  Barcode: 027133
ห้องสมุดวิทยาเขตสวรรค์ประชารักษ์
►นวนิยาย
บนชั้น
  ขอยืม

BibComment


ยังไม่เคยถูกคอมเมนท์

คอมเมนท์ทรัพยากรรายการนี้
  คอมเมนท์: ปราชญ์หญิงยอดรัก ..


 Copyright 2026. Bcnsprnw @Library